000
00397nam a2200145Ia 4500
008
090124s9999 xx 000 0 und d
082
_b
303759
245
_a
पत्रांजली
250
_a
2
260
_b
पांढरीपांडे विजय.
_c
1999
300
_a
180
630
_a
पत्रांजली
730
_a
पत्रांजली
942
_c
BOOK
999
_c
193396
_d
193396